[Event "Sant'Angelo Festival Abruzzo"]
[Site "Sant'Angelo"]
[Date "2018.08.09"]
[Round "7.5"]
[White "Kasparov, Sergey"]
[Black "Franciosi, Fausto"]
[Result "1/2-1/2"]
[WhiteElo "2465"]
[BlackElo "2277"]
[PlyCount "35"]
[EventDate "2018.08.05"]
[EventType "swiss"]
[EventRounds "9"]
[EventCountry "ITA"]
[SourceTitle "EXT 2024"]
[Source "ChessBase"]
[SourceDate "2023.10.10"]
[SourceVersion "1"]
[SourceVersionDate "2023.10.10"]
[SourceQuality "1"]

1. e4 g6 2. d4 Bg7 3. Nc3 d6 4. Nge2 Nf6 5. g3 0-0 6. Bg2 e5 7. 0-0 c6 8. a4 a5 9. h3 Na6 10. Be3 Nb4 11. Na2 exd4 12. Bxd4 Re8 13. Nac3 Be6 14. Re1 d5 15. exd5 Nbxd5 16. Nxd5 Bxd5 17. Bxd5 Nxd5 18. Bxg7 1/2-1/2

[Event "Veliko Gradiste Silver Lake op"]
[Site "Veliko Gradiste"]
[Date "2018.06.23"]
[Round "8"]
[White "Sanal, Vahap"]
[Black "Kasparov, Sergey"]
[Result "1-0"]
[WhiteElo "2510"]
[BlackElo "2456"]
[PlyCount "89"]
[EventDate "2018.06.17"]
[EventType "swiss"]
[EventRounds "9"]
[EventCountry "SRB"]
[SourceTitle "CBM 185 Extra"]
[Source "ChessBase"]
[SourceDate "2018.07.29"]
[SourceVersion "1"]
[SourceVersionDate "2018.07.29"]
[SourceQuality "1"]

1. e4 d5 2. exd5 Qxd5 3. Nc3 Qd6 4. d4 Nf6 5. Nf3 c6 6. Ne5 Nbd7 7. f4 Nb6 8. g4 Be6 9. Bg2 g6 10. 0-0 Rd8 11. f5 gxf5 12. gxf5 Bc4 13. Nxc4 Nxc4 14. Qe2 Qxd4+ 15. Kh1 Nd6 16. Rf4 Qb6 17. Be3 Qxb2 18. Qe1 Bh6 19. Rb1 Bxf4 20. Rxb2 Bxe3 21. Qxe3 Nc4 22. Qc1 Nxb2 23. Qxb2 Rd7 24. Qc1 Rg8 25. Ne4 Nxe4 26. Bxe4 Kd8 27. Bd3 Rd6 28. Qa3 a6 29. Qb4 b5 30. Qa5+ Kd7 31. Qxa6 Rg4 32. Qa7+ Kd8 33. h3 Rh4 34. Qe3 Ra4 35. Qg5 Rxa2 36. Qg8+ Kd7 37. Qxh7 f6 38. Qg8 Ra4 39. Kh2 Rad4 40. Kg3 R4d5 41. h4 Re5 42. h5 Rd4 43. h6 Re3+ 44. Kf2 Rh3 45. Qe6+ 1-0

[Event "Berlin Spandau op"]
[Site "Berlin"]
[Date "2017.12.29"]
[Round "5"]
[White "Kasparov, Sergey"]
[Black "Malek, Daniel"]
[Result "1/2-1/2"]
[WhiteElo "2450"]
[BlackElo "2405"]
[PlyCount "39"]
[EventDate "2017.12.27"]
[EventType "swiss"]
[EventRounds "7"]
[EventCountry "GER"]
[SourceTitle "CBM 182 Extra"]
[Source "ChessBase"]
[SourceDate "2018.02.23"]
[SourceVersion "1"]
[SourceVersionDate "2018.02.23"]
[SourceQuality "1"]

1. e4 e6 2. d4 d5 3. Nd2 Be7 4. e5 c5 5. c3 Nc6 6. Bd3 Bd7 7. Ne2 f6 8. f4 Qb6 9. Nf3 Nh6 10. 0-0 0-0 11. exf6 Bxf6 12. Kh1 cxd4 13. Nexd4 Nxd4 14. cxd4 Bb5 15. Be3 Rac8 16. Bg1 Rc7 17. b3 Rfc8 18. Bxb5 Qxb5 19. Qe1 Rc6 20. Rd1 1/2-1/2